Héros de la BD les Légendaires quiz français en 30s - Statistiques

Statistiques générales
  • Ce quiz a été pris 67 fois
  • Le résultat moyen est 5 sur 6
Statistiques - réponses
Personnages % Correct
Jadina
100%
Danaël
98%
Razzia
90%
Shimy
90%
Gryfenfer
74%
Ténébris
72%
Aucun quiz correspondant
Distribution des résultats
% des personnes avec chaque résultat
Percentile par nombre de réponses
Votre historique - résultats
Vous n’avez pas pris ce quiz